000 00458cam a22001337a 4500
008 180718b1961 xxu||||| |||| 00| 0 eng d
082 _aQ43x54 In2/60-61
245 _aReport: April 1960 to March 1961
_cby Indian Council for Child Welfare, India
260 _aNew Delhi
_bIndian Council for Child Welfare
_c1961
300 _a57p.
500 _aBound with Q43x54 In2/57-61
650 _aChild Welfare-India
700 _aIndia. Indian Council for Child Welfare
999 _c500873
_d500873